Las cooperativas en el año dos mil /

Guardado en:
Autor Principal: Laidlaw, Alexander F.
Autor Corporativo: Congreso Alianza Cooperativa Internacional
Formato: Libro
Idioma:Spanish
Publicado: Zaragoza : Centro Nacional de Educación Cooperativa, 1982.
Materias:
Etiquetas: Agregar Etiqueta
Sin Etiquetas, Sea el primero en etiquetar este registro!
LEADER 01191nam a22002895 4500
001 EAD.ead003281
008 080718s1982####sp#######b####100#0#spa#d
005 20120918154535.0
245 1 4 |a Las cooperativas en el año dos mil /  |c Alexander F. Laidlaw. 
260 |a Zaragoza :  |b Centro Nacional de Educación Cooperativa,  |c 1982. 
300 |a [155] p. ;  |c 21 cm. 
500 |a "Informe al XXVII Congreso de la Alianza Cooperativa Internacional"--Portada. 
500 |a Número monográfico publicado por Tribuna Cooperativa, nros. 44/45 (ene./jun. 1981). 
504 |a Incluye referencias bibliográficas. 
020 |a 8485625110 
100 1 |a Laidlaw, Alexander F.  |q (Alexander Fraser) 
711 2 |a Congreso Alianza Cooperativa Internacional  |n (27o. :  |d 1980 :  |c Moscú) 
246 3 3 |a Las cooperativas en el año 2000 
082 0 4 |a 334.063  |2 21 
650 7 |a Cooperativas.  |2 unbist 
650 7 |a Países en desarrollo.  |2 unbist 
653 |a Doctrina cooperativa 
650 7 |a Democracia.  |2 unbist 
650 7 |a Cooperativas de consumo.  |2 unbist 
650 7 |a Socialismo.  |2 unbist 
653 |a Cooperativas de trabajo 
859 |a AR-BaBDC  |b BIB. ADMINISTRACION GABCOOP - Libros  |h 334.063  |i L141-1  |p g00591